000
00236nam a22001097a 4500
082
_a
621.8 BEV
100
_a
BEVAN,THOMAS
_9
41936
245
_a
THE THEORY OF MACHINES
260
_a
LONDON
_b
LONGMAN
_c
1962
300
_a
621P
942
_c
BK
999
_c
567665
_d
567665